Análisis financiero : (Registro nro. 172672)

Detalles MARC
000 -LEADER
fixed length control field 01204nam a22003491 4500
001 - CONTROL NUMBER
control field bslw10046043
006 - FIXED-LENGTH DATA ELEMENTS--ADDITIONAL MATERIAL CHARACTERISTICS--GENERAL INFORMATION
fixed length control field m o d
007 - PHYSICAL DESCRIPTION FIXED FIELD--GENERAL INFORMATION
fixed length control field cr un ---uuuua
008 - FIXED-LENGTH DATA ELEMENTS--GENERAL INFORMATION
fixed length control field 230419s2014 ck d ob 001 0 spa d
020 ## - INTERNATIONAL STANDARD BOOK NUMBER
International Standard Book Number 9789587710700
035 ## -
-- 38283
040 ## - CATALOGING SOURCE
Original cataloging agency UtOrBLW
Language of cataloging eng
Description conventions rda
Transcribing agency UtOrBLW
050 #4 -
-- HG4026
-- .B34 2014
082 04 -
-- 658.15
-- 23
100 1# - MAIN ENTRY--PERSONAL NAME
Personal name Baena Toro, Diego,
Relator term author.
245 10 - TITLE STATEMENT
Title Análisis financiero :
Remainder of title enfoque y proyecciones /
Statement of responsibility, etc Diego Baena Toro.
250 ## -
-- Segunda edición.
264 #1 -
-- Bogotá, Colombia :
-- ECOE Ediciones,
-- 2014.
300 ## - PHYSICAL DESCRIPTION
Extent 1 online resource (xii, 413 pages) :
Other physical details charts (chiefly color)
336 ## -
-- text
-- txt
-- rdacontent
337 ## -
-- computer
-- c
-- rdamedia
338 ## -
-- online resource
-- cr
-- rdacarrier
490 1# - SERIES STATEMENT
Series statement Ciencias empresariales. Contabilidad y finanzas
504 ## - BIBLIOGRAPHY, ETC. NOTE
Bibliography, etc Includes bibliographical references and index.
650 #0 - SUBJECT ADDED ENTRY--TOPICAL TERM
Topical term or geographic name as entry element Corporations
General subdivision Finance.
650 #0 - SUBJECT ADDED ENTRY--TOPICAL TERM
Topical term or geographic name as entry element Business enterprises
General subdivision Finance.
650 #0 - SUBJECT ADDED ENTRY--TOPICAL TERM
Topical term or geographic name as entry element Economic value added.
830 #0 -
-- Colección: Ciencias Empresariales.
-- Contabilidad y Finanzas.
856 40 - LOCALIZACIÓN Y ACCESO ELECTRÓNICO
Identificador Uniforme del Recurso (URI/URL) https://app.vlex.com/#/sources/38283
942 ## -
-- RAA
999 ## -
-- 172672
-- 172672

No hay ítems disponibles.


CONTACTO


NOSOTROS


SITIOS DE INTERES

coordinacion.biblioteca.biblioteca@unienlinea.mx Misión, Visión y Objetivos Bases de datos
Directorio Bibliotecas Digitales y Repositorios
Normatividad Revistas y artículos
Convenios interbibliotecarios
Boletines



Hecho en México. Universidad Insurgentes (UIN). Todos los derechos reservados 2024. Esta página y sus contenidos pueden ser reproducidos con fines no lucrativos, siempre y cuando no se mutile, se cite la fuente completa y su dirección electrónicas. De otra forma requiere permiso previo por escrito de la institución




2024 Copyright Universidad Insurgentes | www.bibliouin.com.mx